00310nam a2200121 a 4500008004100000050001600041245003300057246002700090250001200117260003400129300001600163350000900179120416s1977 ||||||||||||||||| || u aNA 7332 Gre10aGLC preferred dwelling plans aGreater London Council a2nd ed. aLondonbArchitectural Pc1977 a84p. : ill. a0.00